[Event "Udaipur Lakecity blitz op 1st"]
[Site "Udaipur"]
[Date "2019.09.16"]
[Round "1"]
[White "Cyrus, Chhikara"]
[Black "Hesham, Abdelrahman"]
[Result "0-1"]
[WhiteElo "1510"]
[BlackElo "2500"]
[PlyCount "88"]
[EventDate "2019.09.16"]
[EventType "swiss (blitz)"]
[EventRounds "9"]
[EventCountry "IND"]
[SourceTitle "EXT 2020"]
[Source "ChessBase"]
[SourceDate "2019.10.17"]
[SourceVersion "1"]
[SourceVersionDate "2019.10.17"]
[SourceQuality "1"]

1. e4 c5 2. Nf3 d6 3. d4 cxd4 4. Nxd4 Nf6 5. Nc3 a6 6. Bg5 Nbd7 7. f4 Qc7 8. Qf3 g6 9. 0-0-0 Bg7 10. Bd3 Nb6 11. Rhf1 Bg4 12. Qe3 Bxd1 13. Rxd1 Ng4 14. Qg1 Qc5 15. Nde2 Nf2 16. Rd2 Nxd3+ 17. cxd3 Qxg1+ 18. Nxg1 Bd4 19. Rd1 h6 20. Bh4 Be3+ 21. Kb1 Bxf4 22. Bf2 Bxh2 23. Bxb6 e6 24. Nf3 Bg3 25. d4 f5 26. exf5 gxf5 27. Rd3 Rg8 28. Re3 Kd7 29. Re2 Rg4 30. Ba5 b5 31. d5 e5 32. Nd2 Rb8 33. Nb3 b4 34. Nd1 Rb5 35. Ne3 Re4 36. Nc1 Bf4 37. Nxf5 Rxe2 38. Nxe2 Rxa5 39. Nxf4 exf4 40. Nxh6 Rxd5 41. Ng4 Rd2 42. Kc1 Rxg2 43. Nh6 Ke6 44. b3 Rg6 0-1

[Event "IND-ch U13 29th"]
[Site "Gurgaon"]
[Date "2015.08.30"]
[Round "1"]
[White "Erigaisi, Arjun Kumar"]
[Black "Cyrus, Chhikara"]
[Result "1-0"]
[WhiteElo "2130"]
[BlackElo "1283"]
[PlyCount "45"]
[EventDate "2015.08.30"]
[EventType "swiss"]
[EventRounds "11"]
[EventCountry "IND"]
[SourceTitle "EXT 2016"]
[Source "ChessBase"]
[SourceDate "2015.10.08"]
[SourceVersion "1"]
[SourceVersionDate "2015.10.08"]
[SourceQuality "1"]

1. d4 d5 2. c4 e6 3. Nc3 Nf6 4. cxd5 Nxd5 5. e4 Nf6 6. Nf3 Bb4 7. Bd3 Nc6 8. 0-0 Nxd4 9. Nxd4 0-0 10. e5 Nd5 11. Qc2 h6 12. Rd1 Bc5 13. Nb3 Bb6 14. Na4 Bd7 15. Nxb6 cxb6 16. Qe2 Nb4 17. Qg4 Kh8 18. Qxb4 a5 19. Qe4 f5 20. exf6 Kg8 21. Qh7+ Kf7 22. Qg6+ Kg8 23. Qxg7# 1-0